<?xml version="1.0" encoding="UTF-8"?><?xml-stylesheet type="text/xsl" href="static/style.xsl"?><OAI-PMH xmlns="http://www.openarchives.org/OAI/2.0/" xmlns:xsi="http://www.w3.org/2001/XMLSchema-instance" xsi:schemaLocation="http://www.openarchives.org/OAI/2.0/ http://www.openarchives.org/OAI/2.0/OAI-PMH.xsd"><responseDate>2026-04-29T02:50:30Z</responseDate><request verb="GetRecord" identifier="oai:riubu.ubu.es:10259/4812" metadataPrefix="marc">https://riubu.ubu.es/oai/request</request><GetRecord><record><header><identifier>oai:riubu.ubu.es:10259/4812</identifier><datestamp>2022-04-29T12:02:46Z</datestamp><setSpec>com_10259_4244</setSpec><setSpec>com_10259_5086</setSpec><setSpec>com_10259_2604</setSpec><setSpec>col_10259_4245</setSpec></header><metadata><record xmlns="http://www.loc.gov/MARC21/slim" xmlns:doc="http://www.lyncode.com/xoai" xmlns:xsi="http://www.w3.org/2001/XMLSchema-instance" xmlns:dcterms="http://purl.org/dc/terms/" xsi:schemaLocation="http://www.loc.gov/MARC21/slim http://www.loc.gov/standards/marcxml/schema/MARC21slim.xsd">
<leader>00925njm 22002777a 4500</leader>
<datafield tag="042" ind1=" " ind2=" ">
<subfield code="a">dc</subfield>
</datafield>
<datafield tag="720" ind1=" " ind2=" ">
<subfield code="a">García Solaesa, Ángela</subfield>
<subfield code="e">author</subfield>
</datafield>
<datafield tag="720" ind1=" " ind2=" ">
<subfield code="a">Sanz Díez, Mª Teresa</subfield>
<subfield code="e">author</subfield>
</datafield>
<datafield tag="720" ind1=" " ind2=" ">
<subfield code="a">Melgosa Gómez, Rodrigo</subfield>
<subfield code="e">author</subfield>
</datafield>
<datafield tag="720" ind1=" " ind2=" ">
<subfield code="a">Beltrán Calvo, Sagrario</subfield>
<subfield code="e">author</subfield>
</datafield>
<datafield tag="260" ind1=" " ind2=" ">
<subfield code="c">2018-10</subfield>
</datafield>
<datafield tag="520" ind1=" " ind2=" ">
<subfield code="a">Oxidation kinetics of sardine oil have been determined at 40, 65 and 90 °C by measuring concentration of primary and secondary oxidation products in the presence of commercial immobilized lipases (Lipozyme 435, Lipozyme RM and Lipozyme TL) commonly used as biocatalyst in lipid modification reactions. Oxidation products concentration was found to be lower when the immobilized lipases were added at the highest temperatures studied. The lowest oxidation indices were observed in the presence of Lipozyme RM.&#xd;
&#xd;
Although the mechanism to explain this decrease in the oxidation products is not still clear, these results might indicate that the use of these immobilized lipases in lipase-catalyzed reactions of fish oils at high temperature (90 °C) will yield higher reaction rates and also a reduction of the oxidation products formed due to oxidation of polyunsatured fatty acids</subfield>
</datafield>
<datafield tag="024" ind2=" " ind1="8">
<subfield code="a">0023-6438</subfield>
</datafield>
<datafield tag="024" ind2=" " ind1="8">
<subfield code="a">http://hdl.handle.net/10259/4812</subfield>
</datafield>
<datafield tag="024" ind2=" " ind1="8">
<subfield code="a">10.1016/j.lwt.2018.05.032</subfield>
</datafield>
<datafield ind1=" " ind2=" " tag="653">
<subfield code="a">Fish oil</subfield>
</datafield>
<datafield ind1=" " ind2=" " tag="653">
<subfield code="a">Omega-3</subfield>
</datafield>
<datafield ind1=" " ind2=" " tag="653">
<subfield code="a">Oxidation products</subfield>
</datafield>
<datafield ind1=" " ind2=" " tag="653">
<subfield code="a">Commercial immobilized lipases</subfield>
</datafield>
<datafield tag="245" ind1="0" ind2="0">
<subfield code="a">Oxidation kinetics of sardine oil in the presence of commercial immobilized lipases commonly used as biocatalyst</subfield>
</datafield>
</record></metadata></record></GetRecord></OAI-PMH>